| 000 | 00890nam0a22002651 4500 | ||
|---|---|---|---|
| 001 | rc\2815624 | ||
| 005 | 20250806211115.0 | ||
| 035 | _a(NLR Aleph) 006941372 | ||
| 090 |
_a39957 _c39957 |
||
| 100 | _a20110915d1945 u y0rusy50 ca | ||
| 101 | 0 | _arus | |
| 102 | _aRU | ||
| 105 | _aa z ||||| | ||
| 200 | 1 |
_aРегулировка автомобилей ГАЗ-АА и ЗИС-5 _fМайор К. Ю. Поливанов |
|
| 205 | _a2-е изд. | ||
| 210 |
_aМосква _cВоен. изд-во _d1945 _gтип. им. Ворошилова |
||
| 215 |
_a59 с. _cил., черт. _d20 см. |
||
| 700 | 1 |
_aПоливанов _bК.Ю. _gКонстантин Юрьевич |
|
| 801 | 0 |
_aRU _bNLR _gpsbo |
|
| 801 | 1 |
_aRU _bELAR _2rusmarc |
|
| 852 |
_aNLR _jТ86 Г-4/165 |
||
| 942 | _cBOOK | ||
| 945 | _aРоссийская национальная библиотека | ||
| 980 | _aNB | ||
| 980 | _aBV | ||